csgo all maps ever in the game - Statistics

General Stats
  • This quiz has been taken 122 times
  • The average score is 23 of 89
Answer Stats
Inroduction/Status Answer % Correct
Unavailable Dust
98%
Active Duty Group Mirage
95%
Active Duty Group Inferno
92%
Active Duty Group Nuke
87%
Broken Fang Ancient
84%
Hostage Group Office
83%
Active Duty Group Vertigo
83%
Active Duty Group Overpass
82%
Active Duty Group Train
79%
Defusal Group Sigma Anubis
75%
Unavailable Anubis
75%
Defusal Goup Delta Cache
71%
Defusal Group Sigma Cobblestone
71%
Hostage Group Italy
70%
Active Duty Group Dust II
66%
Unavailable Aztec
65%
Hostage Group Agency
57%
Wargames Lake
56%
Hostage Group Assault
52%
Hostage Group Militia
49%
Wargames Baggage
39%
Wargames Safehouse
37%
Defusal Group Sigma Canals
35%
Wargames Shoots
33%
Wargames Bank
31%
Operation Bloodhound Zoo
27%
Danger Zone Blacksite
21%
Wargames St. Marc
21%
Wargames Monastery
20%
Operation Hydra Austria
19%
Wargames Sugarcane
19%
Operation Breakout Insertion
18%
Operation Payback Seaside
18%
Danger Zone Sirocco
18%
Wargames Lunacy
16%
Unavailable Breach
13%
Wargames Dizzy
13%
Broken Fang Apollo
12%
Operation Payback Favela
12%
Danger Zone Jungle
12%
Other Mocha
12%
Operation Vanguard Season
12%
Unavailable Biome
11%
Broken Fang Engage
11%
Operation Wildfire Santorini
11%
Operation Breakout Black Gold
10%
Operation Payback Museum
10%
Operation Hydra Shipped
10%
Shattered Web Studio
10%
Unavailable Swamp
10%
Broken Fang Elysion
9%
Broken Fang Guard
9%
Operation Bravo Ruins
9%
Unavailable Subzero
9%
Operation Hydra Thrill
9%
Operation Vanguard Workout
9%
Unavailable Abbey
8%
Unavailable Chlorine
8%
Danger Zone Frostbite
8%
Other Grind
8%
Operation Payback Motel
8%
Operation Bloodhound Resort
8%
Unavailable Ruby
8%
Operation Bravo Siege
8%
Operation Bravo Ali
7%
Operation Vanguard Backalley
7%
Operation Wildfire Coast
7%
Operation Payback Downtown
7%
Operation Payback Library
7%
Operation Bloodhound Log
7%
Operation Vanguard Bazaar
6%
Operation Breakout Castle
6%
Operation Bloodhound Crashsite
6%
Operation Wildfire Cruise
6%
Unavailable Mutiny
6%
Operation Bloodhound Rails
6%
Operation Breakout Rush
6%
Operation Payback Thunder
6%
Operation Bravo Chinatown
5%
Operation Vanguard Facade
5%
Operation Bravo Gwalior
5%
Operation Hydra Lite
5%
Operation Vanguard Marquis
5%
Operation Wildfire Mikla
5%
Operation Breakout Mist
5%
Operation Wildfire Royal
5%
Operation Wildfire Tulip
5%
Operation Wildfire Empire
4%
Operation Breakout Overgrown
4%
No matching quizzes found
Score Distribution
Percent of People with Each Score
Percentile by Number Answered
Your Score History
You have not taken this quiz